[Event "HZ Chess Tournament 2019"]
[Site "Vlissingen"]
[Date "2019.08.04"]
[Round "2.39"]
[White "Van Doren, Bas"]
[Black "Kohlrausch, Armin"]
[Result "0-1"]
[WhiteElo "1976"]
[BlackElo "1645"]
[PlyCount "122"]
[EventCountry "NED"]

1. e4 c5 2. Nf3 g6 3. d4 cxd4 4. Nxd4 Bg7 5. Nc3 Nc6 6. Be3 Nf6 7. Bc4 O-O 8.
Bb3 a6 9. f3 Qc7 10. Qd2 Rb8 11. O-O-O b5 12. h4 Na5 13. e5 Nxb3+ 14. axb3 b4
15. exf6 bxc3 16. bxc3 Bxf6 17. h5 Qa5 18. Kb2 Bb7 19. hxg6 fxg6 20. g4 e5 21.
Nf5 gxf5 22. gxf5 Rf7 23. Rdg1+ Kh8 24. Rg6 Bxf3 25. Rh3 Be4 26. Bg5 Bxg5 27.
Qxg5 Qd8 28. Qe3 d5 29. Qg3 Qc7 30. Rc6 Qxc6 31. Qxe5+ Qf6 32. Qxb8+ Rf8 33.
Qb7 Qxf5 34. Qe7 Qf6 35. Qc7 Rg8 36. Qa7 Rc8 37. Qb7 Rf8 38. Qb4 Bg6 39. Qc5
Rd8 40. Re3 d4 41. cxd4 Qxd4+ 42. Qxd4+ Rxd4 43. Re6 Rd2 44. Rxa6 Rxc2+ 45. Ka3
Rc1 46. Kb2 Rg1 47. b4 Rg3 48. b5 Bd3 49. Rb6 Be4 50. Rd6 Rg5 51. b6 Kg7 52.
Kc3 Rb5 53. Kc4 Rb1 54. Re6 Bh1 55. Kc5 h5 56. Re7+ Kg6 57. Ra7 Kg5 58. Ra6 h4
59. Kd6 h3 60. Kc7 Bg2 61. Ra2 Kh4 0-1

[Event "HZ Chess Tournament 2019"]
[Site "Vlissingen"]
[Date "2019.08.04"]
[Round "2.41"]
[White "Wagner, Victoria"]
[Black "Wagner, Andreas"]
[Result "1-0"]
[WhiteElo "1799"]
[BlackElo "1410"]
[PlyCount "71"]
[EventCountry "NED"]

1. e4 e5 2. Nf3 Nc6 3. Bc4 Nf6 4. d3 Be7 5. O-O O-O 6. c3 d5 7. exd5 Nxd5 8.
Re1 Bf6 9. Nbd2 Nb6 10. Bb5 a6 11. Bxc6 bxc6 12. Ne4 Nd7 13. Be3 a5 14. Qc2 Qe7
15. Nxf6+ Qxf6 16. d4 exd4 17. Bxd4 Qf4 18. Be3 Qc4 19. Ng5 g6 20. Rad1 Nb6 21.
b3 Qb5 22. Rd4 Bf5 23. Qd2 Nd5 24. c4 Qb4 25. cxd5 Qxd2 26. Bxd2 c5 27. Rh4 h5
28. Rc4 a4 29. Rxc5 axb3 30. axb3 Ra2 31. Bf4 Rb2 32. Rxc7 Rxb3 33. d6 Rd3 34.
h3 Rd4 35. Ree7 Rxf4 36. Nxf7 1-0

[Event "HZ Chess Tournament 2019"]
[Site "Vlissingen"]
[Date "2019.08.04"]
[Round "2.43"]
[White "Zwirs, Jasper"]
[Black "Rutte, Edwin"]
[Result "1-0"]
[WhiteElo "2110"]
[BlackElo "1663"]
[PlyCount "73"]
[EventCountry "NED"]

1. e4 e5 2. Nf3 Nc6 3. Bc4 Nf6 4. d3 d6 5. O-O h6 6. c3 Be7 7. Re1 O-O 8. b4 a6
9. Bb3 b5 10. Nbd2 Bg4 11. Nf1 Qd7 12. Ng3 Kh8 13. h3 Bxh3 14. gxh3 Qxh3 15.
Nh2 Nd8 16. Qf3 Ne6 17. Nf5 Qxf3 18. Nxf3 Bd8 19. a4 g6 20. Ng3 bxa4 21. Rxa4
Rg8 22. d4 exd4 23. Nxd4 Ng4 24. Nxe6 fxe6 25. Bxe6 Ne5 26. Bxg8 Nf3+ 27. Kf1
Nxe1 28. Bd5 c6 29. Bxc6 Rc8 30. Rxa6 Nd3 31. Be3 Bh4 32. Ra8 Rxa8 33. Bxa8 Bf6
34. b5 Bxc3 35. b6 Be5 36. b7 d5 37. Bd4 1-0

[Event "HZ Chess Tournament 2019"]
[Site "Vlissingen"]
[Date "2019.08.04"]
[Round "2.45"]
[White "Fritsche, Alan"]
[Black "Van Gemert, Rogier"]
[Result "1-0"]
[WhiteElo "1657"]
[BlackElo "1933"]
[PlyCount "71"]
[EventCountry "NED"]

1. e4 g6 2. d4 Bg7 3. Nc3 a6 4. f4 d5 5. e5 h5 6. Bd3 Nh6 7. Nf3 Bg4 8. h3 Bxf3
9. Qxf3 e6 10. Bd2 Nc6 11. Ne2 h4 12. c3 Ne7 13. O-O-O b5 14. g4 hxg3 15. Nxg3
Nef5 16. Nxf5 Nxf5 17. Rdg1 Nh4 18. Qf2 Bf8 19. Rg4 Be7 20. Rhg1 Kd7 21. Qe2 c5
22. dxc5 Bxc5 23. Rd1 Rh7 24. Bxb5+ Kc7 25. Ba4 Kb7 26. c4 d4 27. Qe4+ Ka7 28.
b4 Bb6 29. c5 Rc8 30. Kb1 Bxc5 31. bxc5 Rxc5 32. Rg3 Nf5 33. Rb3 Qc7 34. Bb4
Rc4 35. Bd6 Nxd6 36. exd6 1-0

[Event "HZ Chess Tournament 2019"]
[Site "Vlissingen"]
[Date "2019.08.04"]
[Round "2.47"]
[White "Welten, Hans"]
[Black "Jonkheer, Alex"]
[Result "1-0"]
[WhiteElo "1887"]
[BlackElo "1660"]
[PlyCount "93"]
[EventCountry "NED"]

1. d4 d5 2. c4 c6 3. Nf3 Nf6 4. Nc3 Nbd7 5. h3 e6 6. Bf4 Be7 7. e3 a6 8. Qc2
dxc4 9. Bxc4 b5 10. Bd3 Bb7 11. O-O c5 12. dxc5 Nxc5 13. Be2 O-O 14. Rfd1 Qb6
15. b4 Nce4 16. Nxe4 Bxe4 17. Qb2 Nd5 18. Be5 f6 19. Bd4 Qb7 20. Nd2 Bg6 21.
Bf3 e5 22. Bc5 Bxc5 23. Ne4 Bf7 24. Nxc5 Qc6 25. Rac1 Rfe8 26. Be4 f5 27. Bxf5
Nf6 28. Ne4 Bc4 29. Nd6 Re7 30. Nxc4 bxc4 31. Qc3 g6 32. Bd3 Kg7 33. Qxc4 Qxc4
34. Bxc4 Rc7 35. Be2 Rb7 36. a3 a5 37. b5 Rab8 38. a4 e4 39. Rc6 Nd7 40. Rdc1
Nb6 41. Bd1 Nd5 42. Bb3 Nb4 43. Rc7+ Kh6 44. Rxb7 Rxb7 45. Rc8 Nd3 46. Bd5 Re7
47. b6 1-0

[Event "HZ Chess Tournament 2019"]
[Site "Vlissingen"]
[Date "2019.08.04"]
[Round "2.50"]
[White "Van Der Straeten, Lieven"]
[Black "Duivenvoorden, Ben"]
[Result "1-0"]
[WhiteElo "1809"]
[BlackElo "1650"]
[PlyCount "115"]
[EventCountry "NED"]

1. Nc3 Nf6 2. e4 d6 3. Bc4 e5 4. d3 c6 5. f4 Be7 6. Nf3 Qc7 7. O-O Nbd7 8. Bb3
Nc5 9. Qe1 Be6 10. fxe5 dxe5 11. Qg3 Bxb3 12. axb3 Ncd7 13. Be3 b6 14. Nh4 g6
15. Nf3 Nh5 16. Qh3 Nf4 17. Bxf4 exf4 18. d4 Qd6 19. e5 Qe6 20. Qxe6 fxe6 21.
Ne4 O-O 22. Nfg5 Rf5 23. Nxe6 c5 24. c3 cxd4 25. cxd4 Nxe5 26. Nxf4 Ng4 27. Ne6
Ne3 28. Rxf5 gxf5 29. Nc3 Kf7 30. Nc7 Rg8 31. N7d5 Nxg2 32. Nxe7 Kxe7 33. Rxa7+
Kd6 34. Rxh7 Nf4+ 35. Kf2 Nd3+ 36. Ke3 Nc1 37. Rh6+ Kc7 38. Nd5+ Kd8 39. Rd6+
Ke8 40. Nf6+ Ke7 41. Nxg8+ Kxd6 42. Nh6 Ke6 43. h4 Nxb3 44. h5 f4+ 45. Ke4 f3
46. d5+ Kf6 47. Ng4+ Kg5 48. Nf2 Kxh5 49. Kxf3 Kg5 50. Ke4 Kf6 51. Ng4+ Ke7 52.
Ke5 Nc5 53. d6+ Kd7 54. Kd5 Nd3 55. Ne5+ Nxe5 56. Kxe5 b5 57. b4 Kd8 58. Kd5
1-0